| 000 | 01239nam a2200325 c 4500 | ||
|---|---|---|---|
| 999 |
_c343108 _d343108 |
||
| 003 | BLK | ||
| 005 | 20230209162522.0 | ||
| 008 | 180911b bul|||||r ||||||| ||bul|| | ||
| 010 | _a002769 | ||
| 040 | _aBLK | ||
| 041 |
_aBUL _cBUL |
||
| 080 | _z886.7-1 | ||
| 100 | 1 |
_aЧИЛИНГИРОВ, Стилиян _eпърви автор _9396632 |
|
| 245 | 0 | 0 | _aСонети |
| 246 | _pлирика-сонети | ||
| 260 |
_aСофия _c1920 _fМеркурий |
||
| 300 |
_a56 с _c17 см |
||
| 380 | _a82 | ||
| 490 | _aБиблиотека към сп. Тримес. литература сборници | ||
| 490 |
_aЧастна колекция - Академик Михаил Арнаудов _gДарение - Основен фонд |
||
| 500 | _aЗагл. на кор. Нашите градове в сонети. - Автограф с текст: На добрия ми приятел професор М. Арнаудов - за спомен. С. Чилингиров София 25. I. 921 | ||
| 650 |
_aПоезия _9166642 |
||
| 653 | _aлирика | ||
| 653 | _aсонети | ||
| 655 |
_aбългарска литература _9396199 |
||
| 700 | 1 |
_aСт. Чилингиров _9397895 |
|
| 852 |
_aМА 1168 _bМА |
||
| 942 |
_cKNG _n0 _s1 _01 |
||
| 944 |
_aCR _c1996 _kValK |
||
| 999 | _d343108 | ||
| 999 | _d343108 | ||